[Event "Stay Safe Play From Home 406"]
[Site "Emanuel Lasker Arena"]
[Date "2020.08.24"]
[Round "5"]
[White "Nguyen Hong Anh"]
[Black "AChessPlayer"]
[Result "1-0"]
[WhiteElo "2263"]
[BlackElo "2432"]
[PlyCount "157"]
[EventDate "2020.08.24"]
[EventType "swiss (blitz)"]

1. d4 {[%emt 0:00:01]} c6 {[%emt 0:00:00]} 2. c4 {[%emt 0:00:00]} d5 {[%emt 0:00:00]} 3. Nf3 {[%emt 0:00:00]} Nf6 {[%emt 0:00:01]} 4. g3 {[%emt 0:00:00]} Bg4 {[%emt 0:00:01]} 5. Bg2 {[%emt 0:00:00]} Bxf3 {[%emt 0:00:01]} 6. Bxf3 {[%emt 0:00:00]} e6 {[%emt 0:00:00]} 7. O-O {[%emt 0:00:00]} Nbd7 {[%emt 0:00:00]} 8. Qc2 {[%emt 0:00:00]} Be7 {[%emt 0:00:00]} 9. Nd2 {[%emt 0:00:00]} O-O {[%emt 0:00:00]} 10. e4 {[%emt 0:00:00]} dxe4 {[%emt 0:00:01]} 11. Nxe4 {[%emt 0:00:00]} Nxe4 {[%emt 0:00:00]} 12. Bxe4 {[%emt 0:00:00]} Nf6 {[%emt 0:00:00]} 13. Be3 {[%emt 0:00:03]} Nxe4 {[%emt 0:00:01]} 14. Qxe4 {[%emt 0:00:00]} Bf6 {[%emt 0:00:00]} 15. Qc2 {[%emt 0:00:01]} Qd7 {[%emt 0:00:00]} 16. Rad1 {[%emt 0:00:01]} b5 {[%emt 0:00:01]} 17. cxb5 {[%emt 0:00:02]} cxb5 {[%emt 0:00:00]} 18. Qb3 {[%emt 0:00:00]} a5 {[%emt 0:00:01]} 19. d5 {[%emt 0:00:02]} Rfe8 {[%emt 0:00:04]} 20. dxe6 {[%emt 0:00:00]} Qxe6 {[%emt 0:00:00]} 21. Qxb5 {[%emt 0:00:00]} Qxa2 {[%emt 0:00:01]} 22. Rd2 {[%emt 0:00:02]} Rab8 {[%emt 0:00:03]} 23. Qc6 {[%emt 0:00:01]} Rec8 {[%emt 0:00:02]} 24. Qd7 {[%emt 0:00:01]} Rd8 {[%emt 0:00:01]} 25. Qa7 {[%emt 0:00:02]} a4 {[%emt 0:00:06]} 26. Rfd1 {[%emt 0:00:02]} Re8 {[%emt 0:00:00]} 27. Bf4 {[%emt 0:00:01]} Ra8 {[%emt 0:00:02]} 28. Qb7 {[%emt 0:00:01]} Qb3 {[%emt 0:00:01]} 29. Qxb3 {[%emt 0:00:02]} axb3 {[%emt 0:00:00]} 30. Rd3 {[%emt 0:00:00]} g5 {[%emt 0:00:02]} 31. Bd6 {[%emt 0:00:03]} Re6 {[%emt 0:00:03]} 32. Rxb3 {[%emt 0:00:01]} Rd8 {[%emt 0:00:01]} 33. Rb6 {[%emt 0:00:01]} Bxb2 {[%emt 0:00:01]} 34. Rb1 {[%emt 0:00:04]} Bf6 {[%emt 0:00:02]} 35. Bc7 {[%emt 0:00:01]} Rde8 {[%emt 0:00:02]} 36. Kg2 {[%emt 0:00:03]} g4 {[%emt 0:00:02]} 37. Rxe6 {[%emt 0:00:01]} Rxe6 {[%emt 0:00:00]} 38. Rb4 {[%emt 0:00:00]} h5 {[%emt 0:00:01]} 39. h3 {[%emt 0:00:00]} gxh3+ {[%emt 0:00:02]} 40. Kxh3 {[%emt 0:00:01]} Kg7 {[%emt 0:00:00]} 41. Bf4 {[%emt 0:00:01]} Kg6 {[%emt 0:00:00]} 42. Rb5 {[%emt 0:00:00]} Rc6 {[%emt 0:00:00]} 43. Kg2 {[%emt 0:00:00]} Rc2 {[%emt 0:00:01]} 44. Be3 {[%emt 0:00:00]} Bg7 {[%emt 0:00:02]} 45. Kf3 {[%emt 0:00:01]} f6 {[%emt 0:00:01]} 46. Rb6 {[%emt 0:00:00]} Bf8 {[%emt 0:00:01]} 47. Ke4 {[%emt 0:00:00]} Rc4+ {[%emt 0:00:01]} 48. Bd4 {[%emt 0:00:01]} Rc8 {[%emt 0:00:00]} 49. Rxf6+ {[%emt 0:00:01]} Kg7 {[%emt 0:00:00]} 50. Rf4+ {[%emt 0:00:01]} Kg8 {[%emt 0:00:01]} 51. Rf5 {[%emt 0:00:01]} Re8+ {[%emt 0:00:00]} 52. Kf3 {[%emt 0:00:01]} h4 {[%emt 0:00:00]} 53. Rh5 {[%emt 0:00:01]} Kf7 {[%emt 0:00:01]} 54. Rxh4 {[%emt 0:00:01]} Rc8 {[%emt 0:00:00]} 55. Rf4+ {[%emt 0:00:00]} Kg6 {[%emt 0:00:00]} 56. Be3 {[%emt 0:00:00]} Bd6 {[%emt 0:00:00]} 57. Rg4+ {[%emt 0:00:00]} Kf6 {[%emt 0:00:01]} 58. Rd4 {[%emt 0:00:00]} Ke6 {[%emt 0:00:00]} 59. Re4+ {[%emt 0:00:00]} Be5 {[%emt 0:00:00]} 60. Bf4 {[%emt 0:00:00]} Rc3+ {[%emt 0:00:01]} 61. Kg2 {[%emt 0:00:00]} Kf5 {[%emt 0:00:00]} 62. Rxe5+ {[%emt 0:00:00]} Kg6 {[%emt 0:00:00]} 63. Rg5+ {[%emt 0:00:00]} Kf6 {[%emt 0:00:01]} 64. Rd5 {[%emt 0:00:00]} Rc2 {[%emt 0:00:00]} 65. Rd6+ {[%emt 0:00:00]} Ke7 {[%emt 0:00:00]} 66. Rd2 {[%emt 0:00:00]} Rc4 {[%emt 0:00:00]} 67. Re2+ {[%emt 0:00:01]} Kf6 {[%emt 0:00:00]} 68. f3 {[%emt 0:00:00]} Kf5 {[%emt 0:00:00]} 69. g4+ {[%emt 0:00:00]} Kxf4 {[%emt 0:00:00]} 70. Kf2 {[%emt 0:00:00]} Kg5 {[%emt 0:00:01]} 71. Re4 {[%emt 0:00:00]} Kh4 {[%emt 0:00:00]} 72. Rxc4 {[%emt 0:00:01]} Kg5 {[%emt 0:00:01]} 73. Ke3 {[%emt 0:00:00]} Kh4 {[%emt 0:00:00]} 74. f4 {[%emt 0:00:00]} Kh3 {[%emt 0:00:00]} 75. Ke4 {[%emt 0:00:00]} Kg3 {[%emt 0:00:00]} 76. f5 {[%emt 0:00:00]} Kh2 {[%emt 0:00:00]} 77. f6 {[%emt 0:00:00]} Kh3 {[%emt 0:00:00]} 78. f7 {[%emt 0:00:00]} Kg3 {[%emt 0:00:00]} 79. f8=Q {[%emt 0:00:00] Time Time Time (Lag: Av=1.02s, max=3.4s) (Lag: Av=1.02s, max=3.4s) (Lag: Av=1.02s, max=3.4s)} 1-0

[Event "Stay Safe Play From Home 406"]
[Site "Emanuel Lasker Arena"]
[Date "2020.08.24"]
[Round "5"]
[White "theCHESSHOUSE"]
[Black "MihailoVujic"]
[Result "1-0"]
[WhiteElo "2030"]
[BlackElo "2236"]
[PlyCount "99"]
[EventDate "2020.08.24"]
[EventType "swiss (blitz)"]

1. d4 {[%emt 0:00:01]} d5 {[%emt 0:00:01]} 2. c4 {[%emt 0:00:01]} e5 {[%emt 0:00:01]} 3. cxd5 {[%emt 0:00:00]} Qxd5 {[%emt 0:00:01]} 4. Nf3 {[%emt 0:00:03]} Nc6 {[%emt 0:00:01]} 5. Nc3 {[%emt 0:00:01]} Bb4 {[%emt 0:00:02]} 6. Bd2 {[%emt 0:00:01]} Bxc3 {[%emt 0:00:00]} 7. Bxc3 {[%emt 0:00:00]} e4 {[%emt 0:00:00]} 8. Ne5 {[%emt 0:00:02]} Nxe5 {[%emt 0:00:00]} 9. dxe5 {[%emt 0:00:00]} Ne7 {[%emt 0:00:00]} 10. e3 {[%emt 0:00:02]} Be6 {[%emt 0:00:01]} 11. Be2 {[%emt 0:00:01]} Qxd1+ {[%emt 0:00:02]} 12. Rxd1 {[%emt 0:00:00]} Bxa2 {[%emt 0:00:01]} 13. O-O {[%emt 0:00:01]} Bd5 {[%emt 0:00:03]} 14. Bb4 {[%emt 0:00:02]} Bc6 {[%emt 0:00:06]} 15. Bc4 {[%emt 0:00:03]} a5 {[%emt 0:00:03]} 16. Bc5 {[%emt 0:00:01]} b6 {[%emt 0:00:02]} 17. Bd4 {[%emt 0:00:05]} Bd5 {[%emt 0:00:05]} 18. Bb5+ {[%emt 0:00:02]} c6 {[%emt 0:00:01]} 19. Ba4 {[%emt 0:00:02]} b5 {[%emt 0:00:01]} 20. Bc2 {[%emt 0:00:01]} O-O-O {[%emt 0:00:02]} 21. Bc5 {[%emt 0:00:00]} Nf5 {[%emt 0:00:01]} 22. Bb6 {[%emt 0:00:01]} Rd7 {[%emt 0:00:02]} 23. Bxa5 {[%emt 0:00:01]} Re8 {[%emt 0:00:02]} 24. Ra1 {[%emt 0:00:01]} Kb7 {[%emt 0:00:03]} 25. Bc3 {[%emt 0:00:01]} Ra8 {[%emt 0:00:02]} 26. Rxa8 {[%emt 0:00:01]} Kxa8 {[%emt 0:00:01]} 27. Ra1+ {[%emt 0:00:00]} Ra7 {[%emt 0:00:01]} 28. Rxa7+ {[%emt 0:00:02]} Kxa7 {[%emt 0:00:00]} 29. Kf1 {[%emt 0:00:01]} Kb6 {[%emt 0:00:00]} 30. Ke2 {[%emt 0:00:01]} c5 {[%emt 0:00:01]} 31. b3 {[%emt 0:00:01]} b4 {[%emt 0:00:01]} 32. Bb2 {[%emt 0:00:01]} Kb5 {[%emt 0:00:01]} 33. f3 {[%emt 0:00:00]} exf3+ {[%emt 0:00:01]} 34. gxf3 {[%emt 0:00:00]} Ne7 {[%emt 0:00:01]} 35. e4 {[%emt 0:00:01]} Be6 {[%emt 0:00:00]} 36. f4 {[%emt 0:00:00]} c4 {[%emt 0:00:00]} 37. bxc4+ {[%emt 0:00:01]} Bxc4+ {[%emt 0:00:02]} 38. Ke3 {[%emt 0:00:00]} Nc6 {[%emt 0:00:01]} 39. f5 {[%emt 0:00:01]} b3 {[%emt 0:00:00]} 40. Bd1 {[%emt 0:00:02]} Nb4 {[%emt 0:00:00]} 41. e6 {[%emt 0:00:02]} fxe6 {[%emt 0:00:01]} 42. Bxg7 {[%emt 0:00:01]} exf5 {[%emt 0:00:01]} 43. exf5 {[%emt 0:00:00]} Nd3 {[%emt 0:00:01]} 44. Bc3 {[%emt 0:00:01]} Nc5 {[%emt 0:00:01]} 45. Bc2 {[%emt 0:00:00]} Na4 {[%emt 0:00:00]} 46. Bd4 {[%emt 0:00:01]} Nc3 {[%emt 0:00:01]} 47. Kd2 {[%emt 0:00:00]} bxc2 {[%emt 0:00:01]} 48. Kxc2 {[%emt 0:00:01]} Nd5 {[%emt 0:00:00]} 49. Be3 {[%emt 0:00:00] ' ' '} Ne7 {[%emt 0:00:00]} 50. Kd2 {[%emt 0:00:00] (Lag: Av=0.90s, max=1.3s) (Lag: Av=0.90s, max=1.3s) (Lag: Av=0.90s, max=1.3s)} 1-0

[Event "Stay Safe Play From Home 406"]
[Site "Emanuel Lasker Arena"]
[Date "2020.08.24"]
[Round "5"]
[White "Buzaglo"]
[Black "Lazieri3"]
[Result "1-0"]
[WhiteElo "1830"]
[BlackElo "1960"]
[PlyCount "103"]
[EventDate "2020.08.24"]
[EventType "swiss (blitz)"]

1. d4 {[%emt 0:00:00]} c6 {[%emt 0:00:00]} 2. Nf3 {[%emt 0:00:00]} d5 {[%emt 0:00:00]} 3. g3 {[%emt 0:00:00]} Nf6 {[%emt 0:00:00]} 4. Bg2 {[%emt 0:00:00]} Bf5 {[%emt 0:00:00]} 5. O-O {[%emt 0:00:01]} Qc8 {[%emt 0:00:00]} 6. Nh4 {[%emt 0:00:00]} Bh3 {[%emt 0:00:01]} 7. f4 {[%emt 0:00:01]} Bxg2 {[%emt 0:00:01]} 8. Nxg2 {[%emt 0:00:00]} Ne4 {[%emt 0:00:01]} 9. Nd2 {[%emt 0:00:03]} Nxd2 {[%emt 0:00:01]} 10. Bxd2 {[%emt 0:00:01]} Nd7 {[%emt 0:00:00]} 11. Be3 {[%emt 0:00:01]} Nf6 {[%emt 0:00:01]} 12. Rc1 {[%emt 0:00:01]} e6 {[%emt 0:00:01]} 13. c4 {[%emt 0:00:01]} Qd7 {[%emt 0:00:01]} 14. cxd5 {[%emt 0:00:01]} exd5 {[%emt 0:00:00]} 15. Bf2 {[%emt 0:00:00]} Bd6 {[%emt 0:00:01]} 16. Ne3 {[%emt 0:00:01]} Ne4 {[%emt 0:00:02]} 17. Qd3 {[%emt 0:00:02]} O-O {[%emt 0:00:01]} 18. Nd1 {[%emt 0:00:05]} h6 {[%emt 0:00:02]} 19. Nc3 {[%emt 0:00:01]} Rfe8 {[%emt 0:00:01]} 20. Nxe4 {[%emt 0:00:01]} Rxe4 {[%emt 0:00:00]} 21. e3 {[%emt 0:00:02]} Rae8 {[%emt 0:00:01]} 22. Qb3 {[%emt 0:00:04]} a6 {[%emt 0:00:01]} 23. a4 {[%emt 0:00:01]} R4e7 {[%emt 0:00:04]} 24. Qc2 {[%emt 0:00:02]} Qh3 {[%emt 0:00:01]} 25. Be1 {[%emt 0:00:03]} g5 {[%emt 0:00:01]} 26. Bf2 {[%emt 0:00:03]} gxf4 {[%emt 0:00:03]} 27. exf4 {[%emt 0:00:00]} Re2 {[%emt 0:00:02]} 28. Qd3 {[%emt 0:00:01]} h5 {[%emt 0:00:06]} 29. Qf3 {[%emt 0:00:02]} h4 {[%emt 0:00:04]} 30. Qg2 {[%emt 0:00:01]} Qxg2+ {[%emt 0:00:01]} 31. Kxg2 {[%emt 0:00:00]} hxg3 {[%emt 0:00:01]} 32. hxg3 {[%emt 0:00:00]} Rxb2 {[%emt 0:00:01]} 33. Rce1 {[%emt 0:00:02]} Rxe1 {[%emt 0:00:01]} 34. Rxe1 {[%emt 0:00:00]} b5 {[%emt 0:00:01]} 35. Re8+ {[%emt 0:00:01]} Kg7 {[%emt 0:00:01]} 36. axb5 {[%emt 0:00:00]} cxb5 {[%emt 0:00:01]} 37. Rd8 {[%emt 0:00:00]} Be7 {[%emt 0:00:03]} 38. Rd7 {[%emt 0:00:03]} Bf6 {[%emt 0:00:01]} 39. Kf3 {[%emt 0:00:01]} a5 {[%emt 0:00:02]} 40. Be3 {[%emt 0:00:01]} a4 {[%emt 0:00:01]} 41. Kg4 {[%emt 0:00:01]} Rb3 {[%emt 0:00:01]} 42. Bd2 {[%emt 0:00:01]} Bxd4 {[%emt 0:00:01]} 43. Ba5 {[%emt 0:00:00]} Bf6 {[%emt 0:00:01]} 44. Kf5 {[%emt 0:00:01]} d4 {[%emt 0:00:01]} 45. g4 {[%emt 0:00:00]} d3 {[%emt 0:00:01]} 46. g5 {[%emt 0:00:00]} Bc3 {[%emt 0:00:01]} 47. Ke4 {[%emt 0:00:01]} Bxa5 {[%emt 0:00:01]} 48. Ra7 {[%emt 0:00:02]} Rb4+ {[%emt 0:00:00]} 49. Ke3 {[%emt 0:00:01]} d2 {[%emt 0:00:01]} 50. Kxd2 {[%emt 0:00:00]} Rxf4+ {[%emt 0:00:01]} 51. Kc2 {[%emt 0:00:00]} Bb6 {[%emt 0:00:01]} 52. g6 {[%emt 0:00:00] (Lag: Av=0.63s, max=1.1s) (Lag: Av=0.63s, max=1.1s) (Lag: Av=0.63s, max=1.1s)} 1-0

[Event "Stay Safe Play From Home 406"]
[Site "Emanuel Lasker Arena"]
[Date "2020.08.24"]
[Round "5"]
[White "Trotsky"]
[Black "Greblah"]
[Result "0-1"]
[WhiteElo "1584"]
[BlackElo "1859"]
[Annotator "NA"]
[PlyCount "46"]
[EventDate "2020.08.24"]
[EventType "swiss (blitz)"]

1. d4 {[%emt 0:00:04]} c6 {[%emt 0:00:00]} 2. e3 {[%emt 0:00:01]} d5 {[%emt 0:00:00]} 3. c4 {[%emt 0:00:01]} Nf6 {[%emt 0:00:01]} 4. Nc3 {[%emt 0:00:01]} Ng4 {[%emt 0:00:01]} 5. Qc2 {[%emt 0:00:02]} Nf6 {[%emt 0:00:01]} 6. Bd3 {[%emt 0:00:01]} e6 {[%emt 0:00:01]} 7. c5 {[%emt 0:00:01]} Nbd7 {[%emt 0:00:02]} 8. Nf3 {[%emt 0:00:01]} Be7 {[%emt 0:00:01]} 9. Bd2 {[%emt 0:00:01]} O-O {[%emt 0:00:01]} 10. Ng5 {[%emt 0:00:01]} g6 {[%emt 0:00:01]} 11. h4 {[%emt 0:00:01]} e5 {[%emt 0:00:04]} 12. h5 {[%emt 0:00:01]} e4 {[%emt 0:00:01]} 13. hxg6 {[%emt 0:00:02]} hxg6 {[%emt 0:00:02]} 14. Ncxe4 {[%emt 0:00:01]} Nxe4 {[%emt 0:00:01]} 15. Bxe4 {[%emt 0:00:01]} dxe4 {[%emt 0:00:02]} 16. Qxe4 {[%emt 0:00:01]} Bxg5 {[%emt 0:00:01]} 17. f4 {[%emt 0:00:02]} Nf6 {[%emt 0:00:01]} 18. Qd3 {[%emt 0:00:04]} Bxf4 {[%emt 0:00:03]} 19. exf4 {[%emt 0:00:01]} Qe7+ {[%emt 0:00:01]} 20. Be3 {[%emt 0:00:07]} Re8 {[%emt 0:00:01]} 21. O-O-O {[%emt 0:00:02]} Qxe3+ {[%emt 0:00:01]} 22. Qxe3 {[%emt 0:00:01]} Rxe3 {[%emt 0:00:00]} 23. Rh3 {[%emt 0:00:04]} Bxh3 {[%emt 0:00:02] Trotsky Ñäàåòñÿ Trotsky Ñäàåòñÿ Trotsky Ñäàåòñÿ (Lag: Av=0.25s, max=0.4s) (Lag: Av=0.25s, max=0.4s) (Lag: Av=0.25s, max=0.4s)} 0-1

[Event "Stay Safe Play From Home 406"]
[Site "Emanuel Lasker Arena"]
[Date "2020.08.24"]
[Round "5"]
[White "Klasman"]
[Black "KING o KONG"]
[Result "0-1"]
[WhiteElo "1313"]
[BlackElo "946"]
[Annotator "NA"]
[PlyCount "54"]
[EventDate "2020.08.24"]
[EventType "swiss (blitz)"]

1. f4 {[%emt 0:00:03]} e6 {[%emt 0:00:02]} 2. e4 {[%emt 0:00:02]} Nf6 {[%emt 0:00:02]} 3. Nc3 {[%emt 0:00:03]} d6 {[%emt 0:00:01]} 4. d4 {[%emt 0:00:01]} Be7 {[%emt 0:00:01]} 5. Nf3 {[%emt 0:00:02]} b6 {[%emt 0:00:02]} 6. Bd3 {[%emt 0:00:01]} Bb7 {[%emt 0:00:01]} 7. h3 {[%emt 0:00:02]} Qd7 {[%emt 0:00:01]} 8. Be3 {[%emt 0:00:01]} Nc6 {[%emt 0:00:01]} 9. O-O {[%emt 0:00:02]} Nb4 {[%emt 0:00:01]} 10. a3 {[%emt 0:00:02]} Nxd3 {[%emt 0:00:01]} 11. cxd3 {[%emt 0:00:01]} d5 {[%emt 0:00:02]} 12. e5 {[%emt 0:00:02]} Nh5 {[%emt 0:00:05]} 13. Ng5 {[%emt 0:00:01]} Ng3 {[%emt 0:00:01]} 14. Rf3 {[%emt 0:00:07]} Nf5 {[%emt 0:00:04]} 15. Bf2 {[%emt 0:00:06]} h6 {[%emt 0:00:02]} 16. g4 {[%emt 0:00:05]} hxg5 {[%emt 0:00:01]} 17. gxf5 {[%emt 0:00:01]} exf5 {[%emt 0:00:01]} 18. fxg5 {[%emt 0:00:03]} Bxg5 {[%emt 0:00:02]} 19. Be1 {[%emt 0:00:04]} f4 {[%emt 0:00:01]} 20. Qe2 {[%emt 0:00:00]} Qxh3 {[%emt 0:00:01]} 21. Rxh3 {[%emt 0:00:03]} Rh7 {[%emt 0:00:01]} 22. Rxh7 {[%emt 0:00:02]} Kd8 {[%emt 0:00:03]} 23. Rh8+ {[%emt 0:00:01]} Kd7 {[%emt 0:00:05]} 24. Qg4+ {[%emt 0:00:02]} Kc6 {[%emt 0:00:07]} 25. Rxa8 {[%emt 0:00:02]} Bxa8 {[%emt 0:00:02]} 26. Qxg5 {[%emt 0:00:01]} Kb7 {[%emt 0:00:02]} 27. Qe7 {[%emt 0:00:01]} g6 {[%emt 0:00:03] Time Time Time (Lag: Av=0.36s, max=0.8s) (Lag: Av=0.36s, max=0.8s) (Lag: Av=0.36s, max=0.8s)} 0-1

[Event "Stay Safe Play From Home 406"]
[Site "Emanuel Lasker Arena"]
[Date "2020.08.24"]
[Round "6"]
[White "AChessPlayer"]
[Black "Buzaglo"]
[Result "1-0"]
[WhiteElo "2407"]
[BlackElo "1853"]
[PlyCount "59"]
[EventDate "2020.08.24"]
[EventType "swiss (blitz)"]

1. Nf3 {[%emt 0:00:01]} e6 {[%emt 0:00:00]} 2. g3 {[%emt 0:00:01]} d5 {[%emt 0:00:00]} 3. Bg2 {[%emt 0:00:00]} Nf6 {[%emt 0:00:00]} 4. O-O {[%emt 0:00:00]} c5 {[%emt 0:00:00]} 5. d3 {[%emt 0:00:00]} Nc6 {[%emt 0:00:00]} 6. Nbd2 {[%emt 0:00:00]} Bd6 {[%emt 0:00:01]} 7. e4 {[%emt 0:00:00]} dxe4 {[%emt 0:00:01]} 8. dxe4 {[%emt 0:00:00]} e5 {[%emt 0:00:01]} 9. Nc4 {[%emt 0:00:01]} Qc7 {[%emt 0:00:01]} 10. Nxd6+ {[%emt 0:00:01]} Kf8 {[%emt 0:00:02]} 11. Nxc8 {[%emt 0:00:01]} Rxc8 {[%emt 0:00:01]} 12. Be3 {[%emt 0:00:00]} Rd8 {[%emt 0:00:01]} 13. Bxc5+ {[%emt 0:00:01]} Kg8 {[%emt 0:00:01]} 14. Qe2 {[%emt 0:00:00]} Nd4 {[%emt 0:00:01]} 15. Bxd4 {[%emt 0:00:01]} exd4 {[%emt 0:00:00]} 16. e5 {[%emt 0:00:00]} Nd5 {[%emt 0:00:01]} 17. Nxd4 {[%emt 0:00:00]} Qb6 {[%emt 0:00:03]} 18. Rad1 {[%emt 0:00:01]} h6 {[%emt 0:00:04]} 19. Nf5 {[%emt 0:00:01]} Kh7 {[%emt 0:00:01]} 20. Rd4 {[%emt 0:00:02]} Nc7 {[%emt 0:00:06]} 21. Qd3 {[%emt 0:00:02]} Rxd4 {[%emt 0:00:02]} 22. Nxd4+ {[%emt 0:00:00]} g6 {[%emt 0:00:01]} 23. e6 {[%emt 0:00:01]} Nxe6 {[%emt 0:00:01]} 24. Nxe6 {[%emt 0:00:01]} fxe6 {[%emt 0:00:00]} 25. Qd7+ {[%emt 0:00:02]} Kg8 {[%emt 0:00:01]} 26. Rd1 {[%emt 0:00:00]} Rh7 {[%emt 0:00:04]} 27. Qe8+ {[%emt 0:00:01]} Kg7 {[%emt 0:00:01]} 28. Rd7+ {[%emt 0:00:01]} Kf6 {[%emt 0:00:02]} 29. Qf8+ {[%emt 0:00:00]} Ke5 {[%emt 0:00:01]} 30. Qf4# {[%emt 0:00:00] (Lag: Av=0.59s, max=1.3s) (Lag: Av=0.59s, max=1.3s) (Lag: Av=0.59s, max=1.3s)} 1-0

[Event "Stay Safe Play From Home 406"]
[Site "Emanuel Lasker Arena"]
[Date "2020.08.24"]
[Round "6"]
[White "Nguyen Hong Anh"]
[Black "Mepe_Nika"]
[Result "0-1"]
[WhiteElo "2288"]
[BlackElo "2420"]
[PlyCount "60"]
[EventDate "2020.08.24"]
[EventType "swiss (blitz)"]

1. d4 {[%emt 0:00:01]} d5 {[%emt 0:00:01]} 2. c4 {[%emt 0:00:00]} c6 {[%emt 0:00:00]} 3. Nf3 {[%emt 0:00:01]} Nf6 {[%emt 0:00:00]} 4. g3 {[%emt 0:00:00]} Bf5 {[%emt 0:00:01]} 5. Bg2 {[%emt 0:00:00]} e6 {[%emt 0:00:00]} 6. O-O {[%emt 0:00:00]} h6 {[%emt 0:00:01]} 7. Nc3 {[%emt 0:00:00]} Be7 {[%emt 0:00:00]} 8. Nd2 {[%emt 0:00:00]} O-O {[%emt 0:00:01]} 9. e4 {[%emt 0:00:00]} dxe4 {[%emt 0:00:00]} 10. Ndxe4 {[%emt 0:00:00]} Nxe4 {[%emt 0:00:00]} 11. Nxe4 {[%emt 0:00:00]} Nd7 {[%emt 0:00:00]} 12. Nc3 {[%emt 0:00:00]} Nf6 {[%emt 0:00:02]} 13. d5 {[%emt 0:00:00]} cxd5 {[%emt 0:00:01]} 14. cxd5 {[%emt 0:00:00]} exd5 {[%emt 0:00:00]} 15. Nxd5 {[%emt 0:00:00]} Nxd5 {[%emt 0:00:00]} 16. Bxd5 {[%emt 0:00:00]} Qb6 {[%emt 0:00:04]} 17. Qb3 {[%emt 0:00:03]} Qxb3 {[%emt 0:00:02]} 18. Bxb3 {[%emt 0:00:00]} Bc5 {[%emt 0:00:03]} 19. Bf4 {[%emt 0:00:01]} Rac8 {[%emt 0:00:04]} 20. Rac1 {[%emt 0:00:01]} Bd4 {[%emt 0:00:01]} 21. Bd5 {[%emt 0:00:03]} b6 {[%emt 0:00:02]} 22. b3 {[%emt 0:00:01]} g5 {[%emt 0:00:02]} 23. Bd2 {[%emt 0:00:03]} Kg7 {[%emt 0:00:01]} 24. Bb7 {[%emt 0:00:01]} Rxc1 {[%emt 0:00:02]} 25. Rxc1 {[%emt 0:00:02]} Bc5 {[%emt 0:00:02]} 26. b4 {[%emt 0:00:01]} Bd6 {[%emt 0:00:01]} 27. Bc3+ {[%emt 0:00:01]} Kg6 {[%emt 0:00:02]} 28. Rd1 {[%emt 0:00:00]} Be7 {[%emt 0:00:02]} 29. b5 {[%emt 0:00:01]} Rd8 {[%emt 0:00:01]} 30. Bc6 {[%emt 0:00:00]} Rxd1+ {[%emt 0:00:02] Nguyen Hong Anh resigns Nguyen Hong Anh resigns Nguyen Hong Anh resigns (Lag: Av=0.81s, max=1.2s) (Lag: Av=0.81s, max=1.2s) (Lag: Av=0.81s, max=1.2s)} 0-1

[Event "Stay Safe Play From Home 406"]
[Site "Emanuel Lasker Arena"]
[Date "2020.08.24"]
[Round "6"]
[White "Lamborghini"]
[Black "IceQueen"]
[Result "1-0"]
[WhiteElo "2251"]
[BlackElo "2338"]
[PlyCount "81"]
[EventDate "2020.08.24"]
[EventType "swiss (blitz)"]

1. e4 {[%emt 0:00:03]} d6 {[%emt 0:00:00]} 2. d4 {[%emt 0:00:01]} Nf6 {[%emt 0:00:00]} 3. Nc3 {[%emt 0:00:00]} g6 {[%emt 0:00:00]} 4. Be3 {[%emt 0:00:01]} c6 {[%emt 0:00:01]} 5. Qf3 {[%emt 0:00:01]} b5 {[%emt 0:00:00]} 6. h3 {[%emt 0:00:01]} b4 {[%emt 0:00:01]} 7. Nce2 {[%emt 0:00:02]} Qa5 {[%emt 0:00:01]} 8. Nc1 {[%emt 0:00:02]} Bg7 {[%emt 0:00:01]} 9. g4 {[%emt 0:00:01]} Nbd7 {[%emt 0:00:03]} 10. Bd3 {[%emt 0:00:01]} e5 {[%emt 0:00:01]} 11. Nge2 {[%emt 0:00:01]} Ba6 {[%emt 0:00:01]} 12. Nb3 {[%emt 0:00:01]} Qa4 {[%emt 0:00:00]} 13. g5 {[%emt 0:00:04]} Nh5 {[%emt 0:00:01]} 14. Ng3 {[%emt 0:00:01]} Nf4 {[%emt 0:00:02]} 15. Bxf4 {[%emt 0:00:02]} exf4 {[%emt 0:00:00]} 16. Ne2 {[%emt 0:00:01]} Bxd3 {[%emt 0:00:01]} 17. cxd3 {[%emt 0:00:01]} O-O {[%emt 0:00:01]} 18. h4 {[%emt 0:00:01]} c5 {[%emt 0:00:01]} 19. h5 {[%emt 0:00:01]} cxd4 {[%emt 0:00:03]} 20. hxg6 {[%emt 0:00:01]} fxg6 {[%emt 0:00:00]} 21. Qh3 {[%emt 0:00:01]} Rf7 {[%emt 0:00:05]} 22. Qxh7+ {[%emt 0:00:02]} Kf8 {[%emt 0:00:00]} 23. Qxg6 {[%emt 0:00:02]} Qa6 {[%emt 0:00:05]} 24. Nbxd4 {[%emt 0:00:03]} Ne5 {[%emt 0:00:03]} 25. Ne6+ {[%emt 0:00:01]} Ke7 {[%emt 0:00:01]} 26. Nc7 {[%emt 0:00:04]} Nxg6 {[%emt 0:00:06]} 27. Nxa6 {[%emt 0:00:02]} Ne5 {[%emt 0:00:01]} 28. O-O-O {[%emt 0:00:02]} Rc8+ {[%emt 0:00:01]} 29. Kb1 {[%emt 0:00:01]} f3 {[%emt 0:00:02]} 30. Nd4 {[%emt 0:00:01]} Ng4 {[%emt 0:00:03]} 31. Nf5+ {[%emt 0:00:00]} Kf8 {[%emt 0:00:01]} 32. Nxb4 {[%emt 0:00:02]} Nxf2 {[%emt 0:00:02]} 33. Rdf1 {[%emt 0:00:00]} Nxh1 {[%emt 0:00:01]} 34. Rxf3 {[%emt 0:00:01]} Be5 {[%emt 0:00:00]} 35. d4 {[%emt 0:00:01]} Bg3 {[%emt 0:00:03]} 36. Nd5 {[%emt 0:00:02]} Rh7 {[%emt 0:00:04]} 37. g6 {[%emt 0:00:00]} Rh2 {[%emt 0:00:01]} 38. Nxg3+ {[%emt 0:00:01]} Kg7 {[%emt 0:00:01]} 39. Nxh1 {[%emt 0:00:01]} Kxg6 {[%emt 0:00:00]} 40. Nf2 {[%emt 0:00:01]} Rg2 {[%emt 0:00:01]} 41. Nf4+ {[%emt 0:00:00] Time Time Time (Lag: Av=0.40s, max=0.9s) (Lag: Av=0.40s, max=0.9s) (Lag: Av=0.40s, max=0.9s)} 1-0